000 00408nam a22001697a 4500
005 20160511135606.0
008 160511b xxu||||| |||| 00| 0 eng d
020 _a81-259-1439-0
041 _aeng
082 _b1288
100 _aArora MN
_9452
245 _aA text book of cost Accounting
260 _bVikas Publishing house Pvt. Ltd.
_c2004
300 _a1069
650 _aManagement
_9241
942 _cBK
999 _c556
_d556